Нанопористые материалы на основе нанопорошка алюминия: труды V международной научной конференции "Химия твердого тела и современные микро- и нанотехнологии", Кисловодск, Россия, 18-23 сентября 2005 г.

Bibliografski detalji
Glavni autor: Годымчук А. Ю. Анна Юрьевна
Autori kompanije: Химия твердого тела и современные микро- и нанотехнологии, Томский политехнический университет (ТПУ)
Daljnji autori: Астанкова А. П. Анна Петровна
Sažetak:Заглавие с экрана
Jezik:ruski
Izdano:
Teme:
Online pristup:http://www.lib.tpu.ru/fulltext/m/2012/m02.pdf
Format: Elektronički Knjiga
KOHA link:https://koha.lib.tpu.ru/cgi-bin/koha/opac-detail.pl?biblionumber=220125

MARC

LEADER 00000nlm0a2200000 4500
001 220125
005 20250205063153.0
035 |a (RuTPU)RU\TPU\book\240240 
090 |a 220125 
100 |a 20120814d2005 k y0rusy50 ca 
101 0 |a rus 
102 |a RU 
105 |a y z 100zy 
135 |a drnn ---uucaa 
181 0 |a i  
182 0 |a b 
200 1 |a Нанопористые материалы на основе нанопорошка алюминия  |e труды V международной научной конференции "Химия твердого тела и современные микро- и нанотехнологии", Кисловодск, Россия, 18-23 сентября 2005 г.  |f А. Ю. Годымчук, А. П. Астанкова 
203 |a Текст  |c электронный 
215 |a 1 файл (149 Кб) 
300 |a Заглавие с экрана 
337 |a Adobe Reader 
606 1 |a Порошковые материалы, пористые  |2 stltpush  |3 (RuTPU)RU\TPU\subj\70982  |9 85106 
610 1 |a электронный ресурс 
610 1 |a труды 
610 1 |a нанопорошки 
610 1 |a пористые структуры 
610 1 |a гидроксид алюминия 
610 1 |a труды учёных ТПУ 
610 1 |a конференции 
675 |a 621.762-405.8(063)  |v 3 
700 1 |a Годымчук  |b А. Ю.  |c специалист в области нанотехнологий и наноматериалов  |c доцент Томского политехнического университета, кандидат технических наук  |f 1978-  |g Анна Юрьевна  |x TPU  |y Томск  |3 (RuTPU)RU\TPU\pers\26193  |9 12001 
701 1 |a Астанкова  |b А. П.  |c физик  |c старший преподаватель, инженер-исследователь Томского политехнического университета, кандидат физико-математических наук  |f 1984-  |g Анна Петровна  |3 (RuTPU)RU\TPU\pers\37599 
712 1 2 |a Химия твердого тела и современные микро- и нанотехнологии  |c международная конференция  |d 5  |e Кисловодск-Ставрополь  |f 2005 
712 0 2 |a Томский политехнический университет (ТПУ)  |c (1991-2009)  |3 (RuTPU)RU\TPU\col\376 
801 1 |a RU  |b 63413507  |c 20120814 
801 2 |a RU  |b 63413507  |c 20161229  |g RCR 
856 4 |u http://www.lib.tpu.ru/fulltext/m/2012/m02.pdf 
942 |c CF